| 000 | 00420nam a22001817a 4500 | ||
|---|---|---|---|
| 005 | 20230111130600.0 | ||
| 008 | 221219b |||||||| |||| 00| 0 eng d | ||
| 020 | _a9789351452256 | ||
| 041 | _aeng | ||
| 082 | _a345.7 TAK-C | ||
| 100 |
_aTAKWANI ,C K. _97467 |
||
| 245 | _aCIVIL PROCEDURE CODE | ||
| 250 | _a9th ed. | ||
| 260 |
_bEBC EXPLORER _c2022 |
||
| 300 | _a889;P, | ||
| 650 |
_aLAW _95701 |
||
| 942 | _cBK | ||
| 999 |
_c8100 _d8098 |
||